000 00853nam a2200301Ia 4500
001 Z_5371
003 CHAP
008 220113s1984 xx 000 0 und d
010 _a168440
020 _a84-7114-382-8
040 _cCHAP
082 _a637.125 G3 1992
100 _aGarcía López, José
_946218
245 _aManual de control de instalaciones de ordeño mecánico /
_cJosé García López, José Luis Ponce de León Esteban y Julio Lucini Casales
250 _a2 ed. rev. y ampl.
260 _aMadrid, España :
_b Mundi-Prensa,
_c1984
300 _a137 p.
503 _ac/e
650 _aOrdeñadoras
_983425
700 _a Lucini Casales, Julio
_968886
700 _aPonce de León Esteban, José Luis
_990780
901 _a637.125 G3 1992
902 _aM
910 _a1984
942 _c1
942 _cc1
999 _c168440
_d168440